|
|
|
|
| LEADER |
01939nam a2200445 i 4500 |
| 001 |
EBC5113311 |
| 003 |
MiAaPQ |
| 005 |
20200923020339.0 |
| 006 |
m o d | |
| 007 |
cr cnu|||||||| |
| 008 |
171221t20152015gw ob 001 0 ger d |
| 020 |
|
|
|z 9783828206212
|
| 020 |
|
|
|a 9783110506044
|q (electronic bk.)
|
| 035 |
|
|
|a (MiAaPQ)EBC5113311
|
| 035 |
|
|
|a (Au-PeEL)EBL5113311
|
| 035 |
|
|
|a (CaPaEBR)ebr11468539
|
| 035 |
|
|
|a (OCoLC)1013823608
|
| 040 |
|
|
|a MiAaPQ
|b eng
|e rda
|e pn
|c MiAaPQ
|d MiAaPQ
|
| 050 |
|
4 |
|a HG4523
|b .O736 2015
|
| 082 |
0 |
|
|a 332.041405
|2 23
|
| 245 |
0 |
0 |
|a ORDO.
|n Band 66 :
|b Jahrbuch fur die Ordnung von Wirtschaft und Gesellschaft /
|c begrundet von Walter Eucken und Franz Bohm ; herausgegeben von Hans Otto Lenel [and eighteen others].
|
| 264 |
|
1 |
|a Stuttgart, [Germany] :
|b Lucius & Lucius,
|c 2015.
|
| 264 |
|
4 |
|c 2015
|
| 300 |
|
|
|a 1 online resource (470 pages).
|
| 336 |
|
|
|a text
|2 rdacontent
|
| 337 |
|
|
|a computer
|2 rdamedia
|
| 338 |
|
|
|a online resource
|2 rdacarrier
|
| 490 |
0 |
|
|a ORDO,
|x 0048-2129 ;
|v Band 66
|
| 504 |
|
|
|a Includes bibliographical references at the end of each chapters and indexes.
|
| 588 |
|
|
|a Description based on online resource; title from PDF title page (EBC, viewed December 20, 2017).
|
| 590 |
|
|
|a Electronic reproduction. Ann Arbor, MI : ProQuest, 2016. Available via World Wide Web. Access may be limited to ProQuest affiliated libraries.
|
| 650 |
|
0 |
|a Managerial economics
|v Periodicals.
|
| 650 |
|
0 |
|a Capital market
|v Periodicals.
|
| 655 |
|
4 |
|a Electronic books.
|
| 700 |
1 |
|
|a Eucken, Walter,
|e contributor.
|
| 700 |
1 |
|
|a Bohm, Franz,
|e contributor.
|
| 700 |
1 |
|
|a Lenel, Hans Otto,
|e editor.
|
| 776 |
0 |
8 |
|i Print version:
|t ORDO. Band 66.
|d Stuttgart, [Germany] : Lucius & Lucius, c2015
|h x, 467 pages
|k ORDO ; Band 66
|z 9783828206212
|
| 797 |
2 |
|
|a ProQuest (Firm)
|
| 856 |
4 |
0 |
|u https://ebookcentral.proquest.com/lib/matrademy/detail.action?docID=5113311
|z Click to View
|